[Event "Rilton Cup 34th"]
[Site "Stockholm"]
[Date "2005.01.05"]
[Round "9"]
[White "Lundvik, Jonas"]
[Black "Peng, Zhaoqin"]
[Result "0-1"]
[WhiteElo "2248"]
[BlackElo "2420"]
[PlyCount "186"]
[EventDate "2004.12.27"]
[EventType "swiss"]
[EventRounds "9"]
[EventCountry "SWE"]
[SourceTitle "CBM 104 Extra"]
[Source "ChessBase"]
[SourceDate "2005.03.01"]
[SourceVersion "1"]
[SourceVersionDate "2005.03.01"]
[SourceQuality "1"]

1. Nf3 d5 2. d4 c6 3. c4 dxc4 4. a4 Nf6 5. e3 Be6 6. Na3 Bd5 7. Nxc4 e6 8. Bd3 c5 9. 0-0 Nc6 10. Nce5 Nxe5 11. Nxe5 Bd6 12. Qe2 cxd4 13. Bb5+ Ke7 14. exd4 h6 15. Re1 Rc8 16. Bf4 Qb6 17. Be3 a6 18. Bd3 Qb3 19. h3 Rhd8 20. Rad1 Kf8 21. Qd2 Be4 22. Qe2 Bxd3 23. Nxd3 Qd5 24. Rc1 b6 25. Ne5 b5 26. Nd3 Rxc1 27. Rxc1 bxa4 28. Nc5 Bxc5 29. Rxc5 Qb7 30. Ra5 Rd6 31. Rxa4 Nd5 32. Qd3 Rc6 33. Rc4 Rxc4 34. Qxc4 Ke7 35. b3 f5 36. Bc1 Kd7 37. Ba3 Qb5 38. Qc2 Qa5 39. Bf8 Qa1+ 40. Kh2 Qxd4 41. Qe2 Nc7 42. Qh5 Qf6 43. Qd1+ Nd5 44. Bc5 Qe5+ 45. Kg1 g6 46. b4 Kc8 47. Bd4 Qe4 48. Qc1+ Kd7 49. Qc5 Qb1+ 50. Kh2 Qxb4 51. Qa7+ Ke8 52. Qa8+ Kd7 53. Qa7+ Ke8 54. Qa8+ Kf7 55. Qa7+ Qe7 56. Qxa6 Qc7+ 57. g3 e5 58. Qb5 Ke6 59. Bb2 Qb6 60. Qe2 e4 61. Qd2 h5 62. Bd4 Qb4 63. Qxb4 Nxb4 64. h4 Nd3 65. Bb6 f4 66. gxf4 Kf5 67. Kg3 Nxf4 68. f3 Nd5 69. fxe4+ Kxe4 70. Bc5 Ne3 71. Bb6 Nf5+ 72. Kh3 Kf3 73. Bc5 Ng3 74. Be7 Ne2 75. Bd8 Nf4+ 76. Kh2 Kg4 77. Kg1 Ne2+ 78. Kg2 Nd4 79. Be7 Nf5 80. Bd8 Nxh4+ 81. Kh2 g5 82. Be7 Nf5 83. Bd8 Kf4 84. Kg2 Ne3+ 85. Kf2 g4 86. Bc7+ Ke4 87. Bd8 Nf5 88. Bg5 h4 89. Kg2 h3+ 90. Kh2 Kf3 91. Bd8 Ne3 92. Bc7 Nf1+ 93. Kg1 g3 0-1

[Event "Rilton Cup 34th"]
[Site "Stockholm"]
[Date "2005.01.03"]
[Round "7"]
[White "Agrest, Roman"]
[Black "Lundvik, Jonas"]
[Result "0-1"]
[WhiteElo "2107"]
[BlackElo "2248"]
[PlyCount "122"]
[EventDate "2004.12.27"]
[EventType "swiss"]
[EventRounds "9"]
[EventCountry "SWE"]
[SourceTitle "CBM 104 Extra"]
[Source "ChessBase"]
[SourceDate "2005.03.01"]
[SourceVersion "1"]
[SourceVersionDate "2005.03.01"]
[SourceQuality "1"]

1. b4 e5 2. Bb2 Bxb4 3. Bxe5 Nf6 4. e3 0-0 5. Be2 Re8 6. Nf3 b6 7. c4 Bb7 8. Bc3 a5 9. Qb3 Qe7 10. a3 Bxc3 11. Nxc3 d6 12. 0-0 Nbd7 13. d4 h6 14. Rfe1 Nf8 15. Nd2 Ne6 16. Qc2 Rad8 17. Rab1 Ba6 18. g3 Bb7 19. Nf3 Ng5 20. Nxg5 hxg5 21. d5 g6 22. Nb5 Kg7 23. Bf1 g4 24. Nd4 Rh8 25. Bd3 Rh5 26. Kg2 Rdh8 27. Rh1 Nd7 28. Ne2 Ne5 29. Nf4 R5h6 30. Qc3 Bc8 31. Be2 Bf5 32. Bd3 Qf6 33. e4 Bd7 34. Be2 Kf8 35. Nd3 Rh5 36. Nxe5 Rxe5 37. Rbe1 Ke7 38. f4 gxf3+ 39. Bxf3 Bh3+ 40. Kf2 Rg5 41. Qxf6+ Kxf6 42. Ke3 Re5 43. Re2 Rhe8 44. Kd4 Kg5 45. Rhe1 R8e7 46. Rf2 f5 47. Bh1 Bg4 48. Bg2 Rh7 49. Bh1 Rh3 50. Re3 fxe4 51. Rxe4 Rf5 52. Rb2 Rf1 53. Bg2 Rxh2 54. Bxf1 Rxb2 55. Re7 Bf5 56. Kc3 Rc2+ 57. Kb3 Rc1 58. Be2 Re1 59. Rxc7 Rxe2 60. Rc6 Re3+ 61. Kb2 Bd3 0-1